Letters of Marcus Tullius Cicero : with his treatises on friendship ans old age / translated by E. S. Shuckburgh . Letters of Gaius Plinius Caecilius Secundus (Registro nro. 950)

Detalles MARC
000 -CABECERA
Longitud fija campo de control 01254nam a22003257a 4500
003 - IDENTIFICADOR DELl NÚMERO DE CONTROL
Identificador del número de control OSt
005 - FECHA Y HORA DE LA ÚLTIMA TRANSACCIÓN
Fecha y hora de la última transacción 20140220085319.0
008 - CÓDIGOS DE INFORMACIÓN DE LONGITUD FIJA
Códigos de información de longitud fija 130620b19381965eng||||| |||| 00| 0 eng d
040 ## - FUENTE DE LA CATALOGACIÓN
Centro transcriptor BMC
082 ## - NÚMERO DE LA CLASIFICACIÓN DECIMAL DEWEY
Númeroo de clasificación 876
082 ## - NÚMERO DE LA CLASIFICACIÓN DECIMAL DEWEY
Númeroo de clasificación 177.6
082 ## - NÚMERO DE LA CLASIFICACIÓN DECIMAL DEWEY
Númeroo de clasificación 305.26
100 1# - PUNTO DE ACCESO PRINCIPAL-NOMBRE DE PERSONA
9 (RLIN) 278
Nombre de persona Cicerón, Marco Tulio
245 ## - MENCIÓN DE TÍTULO
Título Letters of Marcus Tullius Cicero : with his treatises on friendship ans old age / translated by E. S. Shuckburgh . Letters of Gaius Plinius Caecilius Secundus
Mención de responsabilidad, etc. translated by William Melmoth, revised by F. C. T. Bosanquet
250 ## - MENCIÓN DE EDICIÓN
Mención de edición 56th printing
260 ## - PUBLICACIÓN, DISTRIBUCIÓN, ETC. (PIE DE IMPRENTA)
Lugar de publicación, distribución, etc. New York
Nombre del editor, distribuidor, etc. P.F. Collier & Son
Fecha de publicación, distribución, etc. 1965
300 ## - DESCRIPCIÓN FÍSICA
Extensión 416 p.
Otras características físicas 22 cm
490 0# - MENCIÓN DE SERIE
Mención de serie The Harvard classics / edited by Charles W. Elliot
Designación de volumen o secuencia 9
500 ## - NOTA GENERAL
Nota general En la port.: With introduction and notes
600 #4 - PUNTO DE ACCESO ADICIONAL DE MATERIA - NOMBRE DE PERSONA
9 (RLIN) 278
Nombre de persona Cicerón, Marco Tulio
Subdivisión de materia general (R ) Correspondencia
600 #4 - PUNTO DE ACCESO ADICIONAL DE MATERIA - NOMBRE DE PERSONA
9 (RLIN) 1453
Nombre de persona Plinio Cecilio Segundo, Cayo
Subdivisión de materia general (R ) Correspondencia
650 24 - PUNTO DE ACCESO ADICIONAL DE MATERIA - TÉRMINO DE MATERIA
9 (RLIN) 1467
Término de materia o nombre geográfico como elemento inicial Vejez
650 24 - PUNTO DE ACCESO ADICIONAL DE MATERIA - TÉRMINO DE MATERIA
9 (RLIN) 1466
Término de materia o nombre geográfico como elemento inicial Amistad
650 24 - PUNTO DE ACCESO ADICIONAL DE MATERIA - TÉRMINO DE MATERIA
9 (RLIN) 1462
Término de materia o nombre geográfico como elemento inicial Cartas latinas
700 1# - PUNTO DE ACCESO ADICIONAL - NOMBRE DE PERSONA
9 (RLIN) 1453
Nombre de persona Plinio Cecilio Segundo, Cayo
700 1# - PUNTO DE ACCESO ADICIONAL - NOMBRE DE PERSONA
9 (RLIN) 1455
Nombre de persona Shuckburgh, Evelyn S.‏ ‎
Fechas asociadas al nombre 1843-1906‏
Forma desarrollada del nombre (Evelyn Shirley)
700 1# - PUNTO DE ACCESO ADICIONAL - NOMBRE DE PERSONA
9 (RLIN) 1458
Nombre de persona Bosanquet, Fredrick Charles Tindal‏
700 1# - PUNTO DE ACCESO ADICIONAL - NOMBRE DE PERSONA
9 (RLIN) 1379
Nombre de persona Eliot, Charles William
Fechas asociadas al nombre 1834-1926‏
942 ## - ENTRADA DE ELEMENTOS AGREGADOS (KOHA)
Fuente de clasificaión o esquema Dewey Decimal Classification
Koha [por defecto] tipo de item 1- Monografias
Existencias
Suprimido Perdido Fuente de clasificación o esquema Estropeado Restricciones de uso No para préstamo Código de colección Localización permanente Localización actual Localización en estanter&íacute;as Fecha adquisición Fuente de adquisición Número de inventario Préstamos totales Signatura completa Código de barras Fecha última consulta Fecha último préstamo Coste, precio reemplazado Fecha del precio de reemplazo Tipo de item de Koha
NULL NULL Dewey Decimal Classification NULL Prestable NULL NULL Biblioteca Miguel de Cervantes - UNICAES Biblioteca Miguel de Cervantes - UNICAES Sala Principal 28/10/2009 Donación - Mauricio Arrieta Gálvez 000980 1 876 CIC let 1000980 14/07/2022 13/07/2022 14.99 22/06/2013 1- Monografias